000 01012nam a22002537a 4500
005 20240305165533.0
007 cr|||| ||||
008 190915c20189999mx mr|w s|||| 0|||b1spa d
022 _a2594-181X
035 _a22171
040 _avLex
090 _c9531
_d9531
245 0 0 _aResolución Miscelánea Profesional
_h[Recurso electrónico] /
256 _aServicio en línea
260 _aCiudad de México:
_bTax Editores,
_c2018 -
300 _a1 recurso electrónico
310 _aMensual
362 _aNº 1 (Sep. 2018) -
506 1 _aDisponible solo en los productos indicados
_dvLex Global
_dvLex Global (Academic Edition, excluding Law Schools)
_dvLex Global (U.S. Academic Edition, Law Schools)
_dvLex Global (U.S. Academic Edition, excluding Law Schools)
_dvLex Global (Academic Edition, Law Schools)
650 0 4 _aDerecho Fiscal
_zMéxico
740 0 _avLex Revistas (Servicio en línea)
856 4 0 _uhttps://app.vlex.com/#/sources/resolucion-miscelanea-profesional-22171
942 _cRAA
999 _c167768
_d167768